Multiple Choice Region Quiz – Vizima Royal Palace (Witcher 3) - Statistics

General Stats
  • This quiz has been taken 28 times
    25 since last reset
  • The average score is 9 of 10
Answer Stats
Question Answer % Correct
Which color scheme dominates the banners recently hanged in the Palace? Black and gold with a little white
100%
What Imperial-grade service provider is freely available to special visitors at the Royal Palace in Vizima? Dresser and barber
100%
Which Emperor of Nilfgaard temporarily resided in the Royal Palace in Vizima? Emhyr var Emreis
100%
Which country was Vizima the capital of until around 1271? Temeria
100%
Which Gwent deck is played for the first time in the game by an unnamed nobleman in the Palace in Vizima's courtyard? Nilfgaardian Empire deck
93%
What historic event began in the Royal Palace in Vizima in 1272? Search for Ciri (Princess Cirilla)
93%
What is Ambassador var Attre known for doing at the Royal Palace? Giving geopolitical updates
87%
Which influential group has one of its members present at the Royal Palace? Lodge of Sorceresses
87%
Which of these military commanders was at the Palace in Vizima after it was captured? Morvran Voorhis
87%
During which war did Nilfgaard capture the Royal Palace in Vizima? Third Northern War
87%
No matching quizzes found
Score Distribution
Percent of People with Each Score
Percentile by Number Answered
Your Score History
You have not taken this quiz since the last reset